Kaleidoscopio / (Record no. 182199)

MARC details
000 -LEADER
campo de control de longitud fija 00671nam a2200193 i 4500
001 - NÚMERO DE CONTROL
campo de control 182199
003 - IDENTIFICADOR DE NÚMERO DE CONTROL
campo de control ES-MaACL
005 - FECHA Y HORA DE LA ÚLTIMA TRANSACCIÓN
campo de control 20231022195558.0
007 - CAMPO FIJO DE DESCRIPCIÓN FÍSICA--INFORMACIÓN GENERAL
campo de control de longitud fija t|
008 - DATOS DE LONGITUD FIJA--INFORMACIÓN GENERAL
campo de control de longitud fija 130626s2007 sp ||||0| spa d
080 ## - NÚMERO DE LA CLASIFICACIÓN DECIMAL UNIVERSAL
Número de la Clasificación Decimal Universal 821.134.2-14"19"
100 1# - ENTRADA PRINCIPAL--NOMBRE DE PERSONA
Nombre de persona Vidal Reynés, María Esperanza.
9 (RLIN) 114511
245 10 - MENCIÓN DEL TÍTULO
Título Kaleidoscopio /
Mención de responsabilidad, etc. Mª Esperanza Vidal Reynés ; [ilustraciones: cuadros de la autora].
260 ## - PUBLICACIÓN, DISTRIBUCIÓN, ETC.
Lugar de publicación, distribución, etc. [Palma de Mallorca?] :
Nombre del editor, distribuidor, etc. M.E. Vidal,
Fecha de publicación, distribución, etc. [2007] (
Lugar de fabricación/manufactura Palma de Mallorca] :
Fabricante Gráf. Venus)
300 ## - DESCRIPCIÓN FÍSICA
Extensión 97 p. :
Otras características físicas il. col. ;
Dimensiones 21 cm.
852 ## - LOCALIZACIÓN
Ubicación ES-MaACL
Número de control de estantería A-12769
itemnumber 189110
Sublocalización o colección R.148878
Ubicación en estantería Depósito 1
Signatura antigua Olim: N-5769
942 ## - ELEMENTOS DE ENTRADA SECUNDARIOS (KOHA)
Fuente del sistema de clasificación o colocación Clasificación decimal universal
Tipo de ítem Koha Libro impreso
Holdings
Estatus retirado Estado de pérdida Fuente del sistema de clasificación o colocación Estado de daño No para préstamo Biblioteca de origen Biblioteca actual Ubicación en estantería Fecha de adquisición Fuente de adquisición Total de préstamos Signatura topográfica completa Código de barras Visto por última vez Precio de reemplazo Tipo de ítem Koha
    Clasificación decimal universal     Biblioteca del Ateneo de Madrid Biblioteca del Ateneo de Madrid Depósito 1 26/06/2013 Donación   A-12769 1191470 23/02/2023 23/02/2023 Libro impreso